What happens when you breathe? / (Record no. 104156)
[ view plain ]
| 000 -LEADER | |
|---|---|
| fixed length control field | 00496nam a2200157 a 4500 |
| 005 - DATE AND TIME OF LATEST TRANSACTION | |
| control field | 20140412111314.0 |
| 008 - FIXED-LENGTH DATA ELEMENTS--GENERAL INFORMATION | |
| fixed length control field | 010420s19uu xx 00 eng d |
| 020 ## - INTERNATIONAL STANDARD BOOK NUMBER | |
| International Standard Book Number | 81-7181-557-X |
| 050 ## - LIBRARY OF CONGRESS CALL NUMBER | |
| Classification number | M 612.3 |
| Item number | R523 1998 |
| 100 ## - MAIN ENTRY--PERSONAL NAME | |
| Personal name | Richardson, Joy |
| 245 ## - TITLE STATEMENT | |
| Title | What happens when you breathe? / |
| Statement of responsibility, etc | Joy Richardson ; illustrated by Colin and Moira Maclean. |
| 260 ## - PUBLICATION, DISTRIBUTION, ETC. (IMPRINT) | |
| Place of publication, distribution, etc | London : |
| Name of publisher, distributor, etc | Learners Press Pvt. Ltd, |
| Date of publication, distribution, etc | 1998. |
| 300 ## - PHYSICAL DESCRIPTION | |
| Extent | 24p. ; ill. |
| 650 ## - SUBJECT ADDED ENTRY--TOPICAL TERM | |
| Topical term or geographic name as entry element | Breathing-Study and teaching |
| Withdrawn status | Lost status | Damaged status | Home library | Current library | Shelving location | Date acquired | Source of acquisition | Total Checkouts | Full call number | Barcode | Date last seen | Price effective from | Koha item type |
|---|---|---|---|---|---|---|---|---|---|---|---|---|---|
| Elizalde Library | Elizalde Library | Main Section | 04/20/2001 | M 612.3 R523 1998 | E6749 | 04/12/2014 | 04/12/2014 | Books |